[Event "TCh-MNE Premier"]
[Site "Herceg Novi MNE"]
[Date "2008.08.28"]
[Round "4"]
[White "Drasko,M"]
[Black "Pavlovic,Dej"]
[Result "1-0"]
[WhiteElo "2508"]
[BlackElo "2385"]

1.Nf3 d5 2.g3 Nf6 3.Bg2 c6 4.O-O Bg4 5.d3 Nbd7 6.Qe1 e5 7.e4 dxe4 8.dxe4 Bc5
9.Nbd2 O-O 10.h3 Bxf3 11.Bxf3 Re8 12.a4 a5 13.Nc4 Qc7 14.Bd2 b6 15.Kg2 Nf8
16.c3 Ne6 17.Qe2 Rad8 18.Rfd1 h6 19.h4 Rd7 20.Be1 Red8 21.Rxd7 Rxd7 22.Qc2 Bf8
23.Be2 b5 24.Ne3 Qb6 25.Ng4 Nxg4 26.Bxg4 Re7 27.Rd1 bxa4 28.Qxa4 Nc5 29.Qc4 Rb7
30.b4 axb4 31.cxb4 Na6 32.Bc8 Ra7 33.Ra1 Nb8 34.Ra5 Rc7 35.Bg4 Qd4 36.Qxd4 exd4
37.Bd2 Rb7 38.Bf4 f5 39.Bxf5 Kf7 40.Ra8 Nd7 41.Rc8 Bxb4 42.Rxc6 Nc5 43.e5 Ke7
44.Rg6 Ke8 45.Rd6 Nb3 46.Rd5 Be7 47.Bg6+ Kf8 48.h5 Rb4 49.e6 Rb6 50.Rf5+ Bf6
51.Bxh6 Rxe6 52.Bf4 d3 53.Rd5 d2 54.Bxd2 Nxd2 55.Rxd2 Ke7 56.f4 Re1 57.g4 Bc3
58.Rd3 Bb2 59.Rd5 Bc1 60.Rf5 Kd6 61.Rf7 Re7 62.Rf8 Bd2 63.g5 Bc3 64.Kf3 Ra7
65.Rc8 Rc7 66.Rd8+ Rd7 67.Ra8 Rc7 68.h6 gxh6 69.gxh6  1-0

[Event "UAE President's Cup"]
[Site "Al Ain UAE"]
[Date "2008.08.29"]
[Round "8"]
[White "AlHuwar,J"]
[Black "Omar,Noa"]
[Result "1-0"]
[WhiteElo "2260"]
[BlackElo "1946"]

1.Nf3 d5 2.g3 Nf6 3.Bg2 c6 4.O-O Bg4 5.c4 e6 6.d3 Nbd7 7.cxd5 exd5 8.h3 Bh5
9.Nc3 Be7 10.e3 O-O 11.Ne2 Re8 12.Nf4 Bxf3 13.Bxf3 Ne5 14.Bg2 Qb6 15.Qc2 Rad8
16.Ne2 h5 17.b3 Ng6 18.Bb2 Nd7 19.Rae1 Bb4 20.Rb1 Be7 21.b4 a6 22.Bd4 Qc7
23.Bxd5 Nde5 24.Bg2 Qd7 25.f4  1-0

[Event "InventiChess GM"]
[Site "Antwerp BEL"]
[Date "2008.08.29"]
[Round "7"]
[White "Schebler,G"]
[Black "Bu Xiangzhi"]
[Result "0-1"]
[WhiteElo "2453"]
[BlackElo "2710"]

1.Nf3 d5 2.g3 Nf6 3.Bg2 c6 4.c4 Bg4 5.Ne5 dxc4 6.Nxg4 Nxg4 7.Na3 e6 8.O-O Bxa3
9.bxa3 O-O 10.Rb1 b5 11.Rxb5 cxb5 12.Bxa8 Qd6 13.Bg2 Nc6 14.Bb2 Rd8 15.Qb1 Qc5
16.Qe4 Nge5 17.Qf4 Nd4 18.Re1 h6 19.h4 a5 20.Be4 f5 21.Bg2 b4 22.axb4 axb4
23.Qe3 Kh7 24.Bh3 Qd5 25.Bg2 Qd6 26.Rc1 Ng4 27.Qxd4 Qxd4 28.Bxd4 Rxd4 29.Rc2 Ne5
30.Bf1 f4 31.Kg2 Kg6 32.e3 b3 33.Rb2 Rxd2 34.Rxd2 f3+ 35.Kh3 c3  0-1

[Event "1st Dragon Capital Vietnam Open"]
[Site "Vung Tau VIE"]
[Date "2008.08.29"]
[Round "5"]
[White "Hoang Canh Huan"]
[Black "Dong Bao Nghia"]
[Result "1-0"]
[WhiteElo "2339"]
[BlackElo "2006"]

1.Nf3 d5 2.g3 c5 3.Bg2 Nc6 4.O-O e5 5.d3 Nf6 6.Nbd2 Be7 7.e4 dxe4 8.dxe4 O-O
9.c3 Qc7 10.Re1 Rd8 11.Qc2 b6 12.Nc4 Ba6 13.Bf1 Bxc4 14.Bxc4 h6 15.Bf1 Qb7
16.Nh4 a6 17.Qe2 b5 18.Qf3 Nh7 19.Nf5 Bg5 20.Bxg5 Nxg5 21.Qg4 Kh7 22.Rad1 Ne7
23.h4 Nxf5 24.Rxd8 Rxd8 25.Qxf5+ g6 26.Qf6 Ne6 27.Bh3 Re8 28.Qxe5 Qd7 29.Qf6 Kg8
30.Re3 a5 31.Kh2 b4 32.h5 gxh5 33.Qxh6 Qd2 34.Qf6 Qd8 35.Qf3 Ng5 36.Qxh5 Qf6
37.f4 Rxe4 38.Rxe4 Nxe4 39.Bg2 Qe7 40.Qg4+ Kf8 41.Qe2 Nd6 42.Qa6 Qc7 43.Qa8+ Ke7
44.c4 Qb6 45.Qd5 f6 46.Bh3 Nf7 47.Qd7+ Kf8 48.Be6 Nd8 49.Bd5 a4 50.f5 b3
51.axb3 axb3 52.Kh3 Qa5 53.Kh4 Qb6 54.Kh5 Qa5 55.Kg6 Qb6 56.Be6  1-0

[Event "16th Nikea Open"]
[Site "Athens GRE"]
[Date "2008.08.30"]
[Round "6"]
[White "Goumas,G"]
[Black "Kymionis,K"]
[Result "1-0"]
[WhiteElo "2276"]
[BlackElo "1965"]

1.Nf3 d5 2.g3 b6 3.Bg2 Bb7 4.O-O c5 5.d4 e6 6.c4 dxc4 7.Na3 a6 8.Nxc4 b5
9.Nce5 f6 10.Ng4 Nd7 11.e4 cxd4 12.Nxd4 Qb6 13.a4 Bc5 14.Nb3 Ne7 15.Nxc5 Qxc5
16.Be3 Qb4 17.Bd2 Qxb2 18.Rb1 Qa2 19.Bb4 Nc6 20.e5 f5 21.Bxc6 Bxc6 22.Qd6 Kf7
23.Qxc6 Rhd8 24.Rbd1 fxg4 25.Rxd7+ Rxd7 26.Qxd7+ Kg8 27.axb5  1-0

[Event "28th Open"]
[Site "Bratto ITA"]
[Date "2008.08.30"]
[Round "9"]
[White "Andreoli,R"]
[Black "Marguerettaz,D"]
[Result "1-0"]
[WhiteElo "2139"]
[BlackElo "1987"]

1.Nf3 d5 2.g3 Bf5 3.c4 e6 4.cxd5 exd5 5.Qb3 Nc6 6.Bg2 Rb8 7.O-O Nf6 8.d3 Be7
9.Nc3 O-O 10.Bf4 Qd7 11.e4 dxe4 12.dxe4 Nxe4 13.Nxe4 Bxe4 14.Rad1 Qc8 15.Rfe1 Bg6
16.h4 Bc5 17.Rd5 Bb6 18.Ng5 Bf5 19.Rxf5 Nd4 20.Qd3 Nxf5 21.Bh3 g6 22.Re5 Rd8
23.Rd5 h6 24.Nxf7 Kxf7 25.Bxf5 gxf5 26.Rxf5+ Kg6 27.h5+ Kg7 28.Be5+ Kg8 29.Qc4+  1-0

[Event "InventiChess GM"]
[Site "Antwerp BEL"]
[Date "2008.08.31"]
[Round "9"]
[White "Schebler,G"]
[Black "Van der Stricht,G"]
[Result "1/2-1/2"]
[WhiteElo "2453"]
[BlackElo "2426"]

1.Nf3 d5 2.g3 c6 3.Bg2 Bg4 4.O-O Nd7 5.d4 e6 6.Nbd2 Ngf6 7.Re1 Be7 8.e4 O-O
9.c3 Bh5 10.Qb3 Qb6 11.exd5 cxd5 12.Qxb6 Nxb6 13.Ne5 Rfd8 14.h3 Nfd7 15.Nd3 Bd6
16.a4 Bg6 17.Bf1 Rab8 18.a5 Nc8 19.Nf3 h6 20.Be3 Ne7 21.Bf4 Bxf4 22.Nxf4 Bh7
23.Nd2 Nf6 24.f3 Nf5 25.Kf2 Nd6 26.Ra3 Rdc8 27.Nd3 Nd7 28.h4 Rc7 29.h5 Rbc8
30.g4 Nb5 31.Raa1 Nd6 32.Ne5 Rb8 33.Nd3 Rbc8 34.Ra3 Nb5 35.Ra2 Nd6 36.Kg3 Rb8
37.Nb4 Kf8 38.Re3 Rd8 39.Ra1 Nb8 40.Ra4 Nc6 41.Nd3 b5 42.axb6 axb6 43.Nf4 Rcc8
44.Ra6 Rb8 45.Re1 Ne8 46.Raa1 Nc7 47.Nd3 Ra8 48.Kf2 Bxd3 49.Bxd3 Ke7 50.f4 Ne8
51.Bb5 Kd6 52.Nf3 Rxa1 53.Rxa1 f6 54.f5 Nc7 55.Bxc6 Kxc6 56.fxe6 Nxe6 57.Nh4 Kb5
58.Re1 Ng5 59.Re7 Ra8 60.Rxg7 Ra2 61.Ke3 Rxb2 62.Nf5 Rg2 63.Nxh6 Rg3+ 64.Ke2 Ne4
65.Nf5 Nxc3+ 66.Kf1 Rd3 67.h6 Rd1+ 68.Kg2 Rd2+ 69.Kh3 Rd3+ 70.Kh4 Ne2 71.g5 Nxd4
72.Kg4 Nxf5 73.h7 Ne3+ 74.Kf3 Nf5+ 75.Kg4 Ne3+ 76.Kf3 Nf5+ 77.Ke2 Re3+ 78.Kd2 Rh3
79.gxf6 Nd6 80.Ke2 Kc6 81.Re7 Rh6 82.Kd3 Rh3+ 83.Kd2 b5 84.Ke2 b4 85.f7 Nxf7
86.Rxf7 Kc5 87.Kd2 Kc4 88.Kc2 Rh2+ 89.Kc1 Rh1+ 90.Kb2 Rh2+ 91.Kc1 d4 92.Rc7+ Kd3
93.Rb7 Rc2+ 94.Kd1 Rd2+ 95.Kc1 Rh2 96.Rc7 Rh1+ 97.Kb2 Kd2 98.Kb3 d3 99.Kxb4 Rb1+
100.Ka3 Rh1 101.Kb2 Rh2 102.Re7 Rh6 103.Rb7 Rh5 104.Kb1 Rh1+ 105.Kb2 Rh6
106.Kb1 Rh1+ 107.Kb2 Rh4 108.Kb1 Kc3 109.Rc7+ Kd2 110.Rb7 Rh1+  1/2-1/2

[Event "TCh-MNE Premier"]
[Site "Herceg Novi MNE"]
[Date "2008.08.31"]
[Round "7"]
[White "Drasko,M"]
[Black "Kosic,D"]
[Result "1/2-1/2"]
[WhiteElo "2508"]
[BlackElo "2516"]

1.Nf3 d5 2.g3 Nc6 3.d4 Bg4 4.Bg2 Qd7 5.h3 Bh5 6.c4 e6 7.O-O dxc4 8.Qa4 Bxf3
9.Bxf3 Rd8 10.Qxc4 Nxd4 11.Bxb7 c6 12.Ba6 e5 13.Kh2 Nf6 14.Nc3 Be7 15.Be3 O-O
16.Rad1 c5 17.Bc1 Qf5 18.Bb7 e4 19.Be3 Rd7 20.Qa6 Rb8 21.Bc8 Qg6 22.Bf4 Rb6
23.Qc4 Rb4 24.Qa6 Rb6 25.Qa5 Rd8 26.Qxa7 Rxc8 27.Qxe7 Qh5 28.Rd2 Ne6 29.Be3 Rcb8
30.b3 R6b7 31.Qd6 Rb6 32.Qe7 R6b7 33.Qd6  1/2-1/2

[Event "7th Open"]
[Site "Izmir TUR"]
[Date "2008.08.31"]
[Round "3"]
[White "Magalashvili,Da"]
[Black "Nalbantoglu,H"]
[Result "1-0"]
[WhiteElo "2480"]
[BlackElo "2029"]

1.Nf3 d5 2.g3 Nf6 3.Bg2 e6 4.O-O Be7 5.c4 O-O 6.d4 Nbd7 7.Qc2 c6 8.Nbd2 Bd6
9.e4 Nxe4 10.Nxe4 dxe4 11.Qxe4 Qc7 12.Re1 c5 13.dxc5 Nxc5 14.Qe2 a5 15.b3 Bd7
16.Bb2 Bc6 17.Rad1 Rad8 18.Rd4 Be7 19.Rg4 g6 20.Be5 Bd6 21.Ba1 f6 22.Nd4 e5
23.Nxc6 bxc6 24.h4 f5 25.Rg5 Ne6 26.c5 Bxc5 27.Bxe5 Bd6 28.Ba1 Nxg5 29.Qb2 Rfe8
30.Qh8+ Kf7 31.Qg7+  1-0

[Event "WCh-Women"]
[Site "Nalchik RUS"]
[Date "2008.08.31"]
[Round "1.6"]
[White "Moser,E"]
[Black "Mkrtchian,L"]
[Result "0-1"]
[WhiteElo "2383"]
[BlackElo "2436"]

1.Nf3 d5 2.g3 c6 3.Bg2 Bg4 4.b3 Nd7 5.Bb2 Ngf6 6.d4 e6 7.Nbd2 Be7 8.O-O O-O
9.Re1 Bh5 10.e4 Rc8 11.h3 Bg6 12.e5 Ne8 13.c4 c5 14.cxd5 exd5 15.e6 fxe6
16.Rxe6 Nc7 17.Rxg6 hxg6 18.Ne5 Nxe5 19.dxe5 Qd7 20.Qe2 Rcd8 21.Re1 Qe6 22.Nf1 b6
23.Ne3 d4 24.Ng4 Nd5 25.Qc4 Nc7 26.Qd3 b5 27.Qe4 d3 28.Ne3 Rd7 29.Rd1 Rfd8
30.f4 c4 31.bxc4 Bc5 32.Kh2 Bxe3 33.Qxe3 bxc4 34.Qxa7 Nd5 35.Qd4 Nb6 36.Qe3 Na4
37.Ba3 c3 38.Bd6  0-1

[Event "1st Dragon Capital Vietnam Open"]
[Site "Vung Tau VIE"]
[Date "2008.08.31"]
[Round "7"]
[White "Nguyen Anh Dung"]
[Black "Dao Thien Hai"]
[Result "1/2-1/2"]
[WhiteElo "2499"]
[BlackElo "2489"]

1.Nf3 d5 2.g3 c6 3.Bg2 Bg4 4.O-O Nd7 5.d3 e6 6.Nbd2 Bd6 7.b3 Ngf6 8.Bb2 O-O
9.c4 a5 10.a3 Qe7 11.Qc2 Rfc8 12.h3 Bh5 13.g4 Bg6 14.g5  1/2-1/2

[Event "SuperLiga-ROM"]
[Site "Eforie Nord ROM"]
[Date "2008.09.01"]
[Round "1"]
[White "Badea,B"]
[Black "Oleksienko,M"]
[Result "1/2-1/2"]
[WhiteElo "2487"]
[BlackElo "2588"]

1.Nf3 d5 2.g3 Nf6 3.Bg2 c6 4.O-O Bg4 5.d4 Nbd7 6.Nbd2 e6 7.Re1 Be7 8.e4 dxe4
9.Nxe4 O-O 10.c3 a5 11.Qb3 Nxe4 12.Rxe4 Bf5 13.Re1 Qb6 14.Ne5 Qxb3 15.axb3 Nxe5
16.Rxe5 Bd8 17.Bf4 g5 18.Bd2 h6 19.h4 Kg7 20.hxg5 hxg5 21.Ree1 Bc2 22.b4 a4
23.b5 cxb5 24.Re5 b4 25.cxb4 Bf6 26.Rc5 Bb3 27.Bxb7 Rab8 28.Bc6 Bxd4 29.Bc3 Bxc3
30.bxc3 Kf6 31.Bxa4 Ra8 32.Ra5 Bd5 33.Bd1 Rac8 34.Rc1 Rh8 35.f3 Rh3 36.Kf2 Rh1
37.Raa1 Rxd1 38.Rxd1 Rxc3 39.f4 Rf3+ 40.Ke2 gxf4 41.gxf4 Rxf4 42.Rdb1 Re4+
43.Kd3 Rh4 44.Rb2 Ke5 45.b5 Rh3+  1/2-1/2

[Event "XVI Open"]
[Site "Albacete ESP"]
[Date "2008.09.02"]
[Round "2"]
[White "Larios Crespo,M"]
[Black "Sriram,J"]
[Result "0-1"]
[WhiteElo "2127"]
[BlackElo "2429"]

1.Nf3 d5 2.g3 c6 3.Bg2 Bg4 4.O-O Nd7 5.d3 e5 6.Nbd2 Bd6 7.e4 Ne7 8.h3 Bh5
9.b3 O-O 10.Bb2 f6 11.exd5 cxd5 12.c4 Nc5 13.Qe2 d4 14.Ne4 Nxe4 15.Qxe4 Rb8
16.Rac1 b6 17.a3 a5 18.Rfe1 Kh8 19.g4 Be8 20.Nh4 Bc6 21.Qe2 Bxg2 22.Nxg2 f5
23.g5 f4 24.Qg4 f3 25.Nh4 Rf4 26.Qg3 Nf5 27.Nxf5 Rxf5 28.h4 e4 29.Qh3 Qc8
30.Kh1 exd3 31.Rcd1 Rf4 32.Qxc8+ Rxc8 33.Rxd3 Rxh4+ 34.Kg1 Rg4+ 35.Kh1 Rh4+
36.Kg1 Bh2+ 37.Kh1 Be5+ 38.Kg1 Rg4+ 39.Kh1 Rxg5 40.Rxf3 Kg8 41.Rd1 Rc6 42.Rh3 Rg4
43.Rh5 Bf6 44.Rd5 Bg5  0-1

[Event "Open"]
[Site "Herzliya ISR"]
[Date "2008.09.02"]
[Round "1"]
[White "Klenburg,M"]
[Black "Eden,T"]
[Result "1-0"]
[WhiteElo "2445"]
[BlackElo "2129"]

1.Nf3 d5 2.g3 Nf6 3.Bg2 e6 4.O-O Be7 5.d3 O-O 6.Nbd2 c5 7.e4 Nc6 8.Re1 Qc7
9.e5 Ng4 10.Qe2 f6 11.exf6 Bxf6 12.Nb3 b6 13.h3 Nge5 14.Nxe5 Bxe5 15.c3 Kh8
16.Be3 Ba6 17.Rad1 Rae8 18.Qg4 Bd6 19.Qa4 Bb7 20.d4 c4 21.Nd2 Ne7 22.Nf3 Nf5
23.Qc2 Nxe3 24.Rxe3 Rf6 25.Rde1 Bc8 26.Ng5 Rg6 27.h4 Rf8 28.Nxh7  1-0

[Event "17th CRO-chT 1a"]
[Site "Sibenik CRO"]
[Date "2008.09.02"]
[Round "6"]
[White "Cvorovic,D"]
[Black "Novak,Rat"]
[Result "1-0"]
[WhiteElo "2459"]
[BlackElo "2233"]

1.Nf3 d5 2.g3 Bg4 3.d4 Bxf3 4.exf3 c5 5.dxc5 e6 6.Be3 Nc6 7.c3 a5 8.Bb5 Ne7
9.Qa4 Qc7 10.Nd2 Nf5 11.Nb3 Be7 12.Nd4 Nxe3 13.fxe3 O-O 14.Bxc6 bxc6 15.Qxc6 Qe5
16.Kf2 Rfc8 17.Qa4 Bxc5 18.Rae1 Qf6 19.Kg2 e5 20.Nb3 Bb6 21.Re2 Rc4 22.Qb5 Qe6
23.Rd1 Rd8 24.Red2 d4 25.cxd4 exd4 26.Nxd4 Bxd4 27.exd4 Rcc8 28.d5 Qf5 29.Qxa5 h5
30.Qb4 g5 31.Qe4 Qf6 32.d6 Rd7 33.a4 Rcd8 34.Qc6 g4 35.a5 gxf3+ 36.Qxf3 Qe5
37.Qd5 Qe3 38.Qxh5 Qe4+ 39.Qf3 Qb4 40.Rd4 Qxb2+ 41.R1d2 Qb7 42.Qxb7  1-0

[Event "XVI Open"]
[Site "Albacete ESP"]
[Date "2008.09.03"]
[Round "4"]
[White "Larios Crespo,M"]
[Black "Velandrino Gomez,M"]
[Result "1-0"]
[WhiteElo "2127"]
[BlackElo "1995"]

1.Nf3 d5 2.g3 Nf6 3.Bg2 c6 4.O-O Bg4 5.d3 Nbd7 6.Nbd2 e6 7.h3 Bh5 8.Qe1 Be7
9.e4 dxe4 10.dxe4 e5 11.b3 O-O 12.Bb2 Qc7 13.Nc4 Bxf3 14.Bxf3 b5 15.Ne3 g6
16.c4 Nc5 17.Qe2 a6 18.Ng4 Nxg4 19.Bxg4 Rad8 20.Rad1 Rfe8 21.h4 Bf6 22.f4 Bg7
23.f5 Rxd1 24.Rxd1 Rd8 25.Qe3 Rxd1+ 26.Bxd1 Qd6 27.Be2 Bf8 28.cxb5 axb5 29.Kg2 Be7
30.Kh3 Bd8 31.g4 Ba5 32.Ba3 Bb6 33.g5 Qd4 34.Qxd4 exd4 35.Bxc5 Bxc5 36.a4 bxa4
37.bxa4 Kf8 38.f6 Ke8 39.Kg4 Kd7 40.Bc4 Kd6 41.Kf4 d3 42.e5+ Kd7 43.Bxd3 Bf2
44.h5 gxh5 45.Bxh7 h4 46.Bf5+ Ke8 47.e6 fxe6 48.Bxe6 Bd4 49.a5 Kd8 50.a6 Kc7
51.Bh3 c5 52.Bf1 Kb6 53.Kf5 h3 54.Bxh3 c4 55.Bf1 c3 56.Bd3 Kc7 57.g6  1-0

[Event "IX GM"]
[Site "Banja Luka BIH"]
[Date "2008.09.03"]
[Round "5"]
[White "Vukic,M"]
[Black "Jakovljevic,Vlado"]
[Result "1/2-1/2"]
[WhiteElo "2457"]
[BlackElo "2442"]

1.Nf3 d5 2.g3 c5 3.c4 d4 4.e3 Nc6 5.exd4 cxd4 6.d3 g6 7.Bg2 Bg7 8.O-O Nf6
9.Na3 Nd7 10.Nc2 a5 11.b3 Nc5 12.Ba3 Qb6 13.Bxc5 Qxc5 14.a3 Qh5 15.Nd2 Qxd1
16.Rfxd1 Ne5 17.Nf3 Nxf3+ 18.Bxf3 Kd8 19.b4 Kc7 20.Re1 e6 21.b5 Kb6 22.a4 Rd8
23.Bg2 Bf8 24.f4 Bc5 25.Re2 Rd6 26.h4 Bd7 27.Ne1 Bb4 28.Nf3 f6 29.Bh3 h5
30.Kg2 Rh8 31.Rb1 Kc5 32.g4 hxg4 33.Bxg4 Kb6 34.Kg3 Bc8 35.Ng1 Rh6 36.Rc1 Bc3
37.Bh3 Bd7 38.Rb1 Bb4 39.Nf3 Bc8 40.Nh2 Rh8 41.Ng4 Rf8 42.Nf2 f5 43.Bg2 Re8
44.Nh3 e5 45.fxe5 Rde6 46.Nf4 Rxe5 47.Rxe5 Rxe5 48.Kf2 Bd2 49.Nxg6 Re8 50.Bf3 Kc5
51.h5 Be3+ 52.Kg3 Bh6 53.Nf4 Rg8+ 54.Ng6 Re8 55.Nf4 Rg8+ 56.Ng6  1/2-1/2

[Event "17th CRO-chT 1w"]
[Site "Sibenik CRO"]
[Date "2008.09.03"]
[Round "7"]
[White "Mrakovcic,K"]
[Black "Solic,K"]
[Result "0-1"]
[WhiteElo "1685"]
[BlackElo "2195"]

1.Nf3 d5 2.g3 Nf6 3.Bg2 c6 4.O-O Bg4 5.d3 Nbd7 6.Nbd2 e5 7.b3 Bd6 8.Bb2 O-O
9.c4 d4 10.a3 a5 11.Qc2 Qe7 12.e3 dxe3 13.fxe3 Rfe8 14.Kh1 h6 15.d4 Qe6 16.c5 Bc7
17.Nh4 e4 18.Qc4 Nd5 19.Bxe4 Nxe3 20.Qxe6 Rxe6 21.Rfe1 Rxe4 22.Nxe4 Nc2 23.Kg2 Re8
24.Kf2 Nxa1 25.Bxa1 f5 26.Nd2 Rxe1 27.Kxe1 f4 28.Ne4 g5 29.Ng6 Kf7 30.Ne5+ Nxe5
31.dxe5 fxg3 32.hxg3 b6 33.b4 axb4 34.axb4 Ke6 35.Nd6 bxc5 36.bxc5 Kd5 37.Nf7 Be6
38.Nxh6 Bxe5 39.Bxe5 Kxe5 40.Ke2 Ke4 41.Kf2 g4 42.Ke2 Kd4 43.Kd2 Kxc5 44.Kc3 Kd5
45.Kd3 c5 46.Kc3 c4 47.Kc2 Kd4 48.Kd2 Ke4 49.Kc3 Kf3 50.Nxg4 Kxg4 51.Kc2 Kxg3
52.Kc3 Kf4 53.Kd2 Ke4 54.Kc3 Kd5 55.Kc2 Kd4 56.Kd2 c3+ 57.Kc2 Kc4 58.Kc1 Kb3
59.Kb1 c2+ 60.Kc1 Bf7  0-1

[Event "SuperLiga-ROM"]
[Site "Eforie Nord ROM"]
[Date "2008.09.04"]
[Round "4"]
[White "Taras,D"]
[Black "Posedaru,B"]
[Result "1/2-1/2"]
[WhiteElo "2256"]
[BlackElo "2244"]

1.Nf3 d5 2.g3 Bg4 3.Bg2 e6 4.O-O Nd7 5.d3 Ngf6 6.Nbd2 Be7 7.h3 Bh5 8.c4 c6
9.b3 O-O 10.Bb2 Rc8  1/2-1/2

[Event "Masters"]
[Site "Trieste ITA"]
[Date "2008.09.04"]
[Round "6"]
[White "Samuelli,D"]
[Black "Zucchelli,M"]
[Result "0-1"]
[WhiteElo "1931"]
[BlackElo "2150"]

1.Nf3 d5 2.g3 c6 3.Bg2 Nf6 4.d3 Bg4 5.Ne5 Bh5 6.c4 e6 7.Qb3 Nbd7 8.Bf4 Qb6
9.Nxd7 Nxd7 10.Qxb6 Nxb6 11.Nd2 Be7 12.e4 dxc4 13.dxc4 O-O 14.h3 f6 15.g4 Bg6
16.Be3 e5 17.c5 Na4 18.b4 a5 19.a3 axb4 20.axb4 Nc3 21.O-O Bf7 22.Rfe1 Rfd8
23.Bf1 h5 24.f3 Nb5 25.Bc4 hxg4 26.hxg4 Kf8 27.Kf2 Rxa1 28.Rxa1 Rxd2+ 29.Bxd2 Bxc4
30.Ra8+ Kf7 31.Rb8 Nd4 32.Rxb7 Bb5 33.Bc3 Ne6 34.Bd2 g6 35.Be3 Nf4 36.Bxf4 exf4
37.Ra7 Ke6 38.Rb7 Bc4 39.Rc7 Bb5 40.Rb7 Kf7 41.Ra7 Ke8 42.Rb7 f5 43.exf5 gxf5
44.Kg2 fxg4 45.fxg4 Be2 46.Rb8+ Kd7 47.Kf2 Bxg4 48.Rb7+ Kd8 49.Rb8+ Kc7 50.Rh8 Bf6
51.Rh7+ Kb8 52.Rh6 Bd4+ 53.Kf1 Bf3 54.b5 cxb5 55.Rb6+ Kc7 56.Rxb5 Kc6 57.Rb3 Bd5
58.Rb8 Kxc5 59.Rc8+ Kd6 60.Rd8+ Ke5  0-1

[Event "IX GM"]
[Site "Banja Luka BIH"]
[Date "2008.09.05"]
[Round "6"]
[White "Vukic,M"]
[Black "Volkov,Sergey1"]
[Result "0-1"]
[WhiteElo "2457"]
[BlackElo "2636"]

1.Nf3 d5 2.g3 c5 3.Bg2 Nc6 4.c4 d4 5.d3 Bg4 6.h3 Bf5 7.g4 Bd7 8.e3 e5 9.exd4 cxd4
10.a3 a5 11.Qe2 a4 12.Nxe5 Qa5+ 13.Kd1 Nxe5 14.f4 Ne7 15.Qxe5 Qb6 16.Nd2 f6
17.Qe2 O-O-O 18.Kc2 Ng6 19.Ne4 Nh4 20.Bf1 Bc6 21.Rh2 Be7 22.Bd2 Rhe8 23.Kc1 Bxe4
24.dxe4 d3 25.Qe3 Bc5 26.Qg3 Bg1 27.Rh1 Bf2  0-1

[Event "5th LGA Premium Cup"]
[Site "Nuernberg GER"]
[Date "2008.09.05"]
[Round "2"]
[White "Pokrupa,M"]
[Black "Eber,F"]
[Result "0-1"]
[WhiteElo "2203"]
[BlackElo "1854"]

1.g3 d5 2.Nf3 Nf6 3.Bg2 c6 4.O-O Bf5 5.b3 Qc8 6.Re1 Bh3 7.Bh1 h5 8.c4 h4
9.Nc3 hxg3 10.hxg3 Qg4 11.cxd5 Qh5 12.e4 Ng4 13.d4 g6 14.dxc6 Nxc6 15.Nd5 Bf1
16.Nh4 g5 17.Bxg5 Qxg5 18.Kxf1 Rxh4 19.gxh4 Qxh4 20.Qxg4 Qxg4 21.Nc7+ Kd8
22.Nxa8 Qc8 23.e5 Qxa8 24.d5 Nb4 25.Red1 Qc8 26.a3 Nc2 27.Ra2 Qh3+ 28.Bg2 Qxb3
29.Raa1 Nxa1 30.Rxa1 Bg7 31.Re1 Qxa3 32.Re3 Qa1+ 33.Re1 Qa6+ 34.Kg1 Bxe5
35.Rxe5 Qa1+  0-1

[Event "5th LGA Premium Cup"]
[Site "Nuernberg GER"]
[Date "2008.09.05"]
[Round "2"]
[White "Espig,L"]
[Black "Martin Fernandez,R"]
[Result "1-0"]
[WhiteElo "2346"]
[BlackElo "2093"]

1.Nf3 d5 2.g3 Bg4 3.Bg2 c6 4.b3 Nd7 5.Bb2 Ngf6 6.d3 e6 7.Nbd2 a5 8.a3 a4
9.b4 c5 10.c3 Bd6 11.O-O O-O 12.h3 Bh5 13.Qe1 Qc7 14.bxc5 Bxc5 15.c4 Ba7
16.Nd4 Bxd4 17.Bxd4 e5 18.Bc3 dxc4 19.Nxc4 Rab8 20.Rc1 Rfc8 21.g4 Bg6 22.Ba5 b6
23.Nxb6 Qxc1 24.Qxc1 Rxc1 25.Rxc1 Nxb6 26.Bxb6 e4 27.Ba7 Re8 28.dxe4 Nxe4
29.Rc4 f5 30.e3 fxg4 31.hxg4 h6 32.Rxa4 Nc3 33.Rb4 Kh7 34.a4 Re7 35.Bb6 Bd3
36.a5 Be2 37.Bd4 Nb5 38.Bf1 Nxd4 39.Rxd4 Bf3 40.a6 h5 41.gxh5 Re5 42.Kh2 Ra5
43.Bd3+ Kh6 44.Rd6+ Kg5 45.Kg3  1-0

[Event "5th LGA Premium Cup"]
[Site "Nuernberg GER"]
[Date "2008.09.05"]
[Round "2"]
[White "Reis,G"]
[Black "Wells,P"]
[Result "0-1"]
[WhiteElo "2216"]
[BlackElo "2526"]

1.Nf3 d5 2.g3 c6 3.Bg2 Bg4 4.b3 Nd7 5.Bb2 Ngf6 6.c4 e6 7.d3 Bd6 8.Nbd2 O-O
9.O-O Qe7 10.a3 e5 11.h3 Bh5 12.Nh4 Qe6 13.Ndf3 h6 14.e4 dxe4 15.dxe4 Rfd8
16.Qc2 a5 17.g4 Bg6 18.Nf5 Nc5 19.Rfe1 Bc7 20.Re3 a4 21.b4 Nb3 22.Rd1 Rxd1+
23.Qxd1 c5 24.Bf1 b6 25.Rd3 Nd4 26.Nd2 h5 27.Rg3 hxg4 28.hxg4 Nh7 29.g5 Nxf5
30.exf5 Bxf5 31.g6 Bxg6 32.Bh3 Qe7 33.Qf3 Rd8 34.Ne4 Bxe4 35.Qxe4 Ng5 36.Qg4 Nxh3+
37.Rxh3 Qf6 38.Bc1 Qg6 39.Bg5 Rd4 40.Qc8+ Bd8 41.Rg3 Rd1+  0-1

[Event "5th LGA Premium Cup"]
[Site "Nuernberg GER"]
[Date "2008.09.05"]
[Round "3"]
[White "Riexinger,M"]
[Black "Werner,T2"]
[Result "0-1"]
[WhiteElo "1789"]
[BlackElo "2002"]

1.Nf3 d5 2.g3 c5 3.Bg2 Nc6 4.d3 e5 5.O-O f6 6.c4 d4 7.Na3 Bg4 8.Nc2 Qd7 9.Re1 Bd6
10.a3 Nge7 11.Rb1 a5 12.b3 O-O 13.Bd2 Rfb8 14.b4 axb4 15.axb4 cxb4 16.Nxb4 Ra3
17.Qc1 Rba8 18.Qb2 Bxb4 19.Bxb4 Ra2 20.Qb3 Nxb4 21.Qxb4 R8a7 22.Rb2 Nc8 23.Reb1 b6
24.Rxa2 Rxa2 25.Nd2 Qe7 26.c5 Kf8 27.cxb6 Qxb4 28.Rxb4 Nxb6 29.Nf1 Nd7 30.f3 Bf5
31.g4 Bg6 32.Ng3 Ke7 33.h4 h6 34.Kf1 Rc2 35.h5 Bh7 36.Nf5+ Bxf5 37.gxf5 Kd6
38.f4 Rc7 39.Kf2 Kc5 40.Rc4+ Kd6 41.fxe5+ fxe5 42.Rxc7 Kxc7 43.e3 Kd6 44.Ba8 Nf6
45.Bf3 Nd5 46.exd4 Ne7 47.dxe5+ Kxe5 48.Be4 Kf4 49.Ke2 Ng8 50.f6 Nxf6 51.Bg6 Kg5
52.Kf3 Nxh5 53.Be8 Nf6 54.Ba4 Kf5 55.d4 g5 56.Bc2+ Ke6 57.Bg6 h5 58.Bxh5 Kd5
59.Bg4 Kxd4 60.Bc8 Kc4 61.Bh3 Kd5 62.Bf5 Kd6 63.Bc8 Ke7 64.Bf5 Kf7  0-1

[Event "TCh-SRB 1st League"]
[Site "Subotica SRB"]
[Date "2008.09.05"]
[Round "5"]
[White "Damljanovic,B"]
[Black "Sedlak,N"]
[Result "1-0"]
[WhiteElo "2579"]
[BlackElo "2576"]

1.Nf3 d5 2.g3 g6 3.c4 d4 4.Bg2 Bg7 5.d3 e5 6.b4 Ne7 7.Nbd2 a5 8.b5 c5 9.bxc6 Nexc6
10.O-O O-O 11.Ba3 Nb4 12.Ne1 N8a6 13.Nc2 Re8 14.Bxb4 axb4 15.a3 bxa3 16.Rxa3 Rb8
17.Qb1 Bg4 18.Re1 Bd7 19.Nb3 Qc8 20.Qa1 b5 21.Na5 b4 22.Rb3 e4 23.Rbb1 Nc5
24.Nxb4 Ra8 25.Nd5 Na4 26.Bxe4 Rxa5 27.Nb6 Qc7 28.Nxd7 Qxd7 29.Rb7 Qd8 30.Rb5 Rxe4
31.dxe4 Ra8 32.Rd5 Qe8 33.e5 Bxe5 34.e3 Nc3 35.Rxe5 Ne2+ 36.Kf1 Qc6 37.Ra5 Re8
38.Qa4 Qe4 39.Kxe2 Kg7 40.Rd5 Qg4+ 41.Kf1  1-0

[Event "7th Open"]
[Site "Izmir TUR"]
[Date "2008.09.06"]
[Round "9"]
[White "Magalashvili,Da"]
[Black "Secer,A"]
[Result "1-0"]
[WhiteElo "2480"]
[BlackElo "2320"]

1.Nf3 d5 2.g3 Nf6 3.Bg2 g6 4.O-O Bg7 5.d3 O-O 6.Nbd2 b6 7.e4 dxe4 8.dxe4 Bb7
9.e5 Ne4 10.Qe2 Nxd2 11.Bxd2 e6 12.Rad1 Nd7 13.Bf4 Qe7 14.Rd4 Bxf3 15.Bxf3 Rad8
16.Qe3 h6 17.h4 f6 18.exf6 Qxf6 19.Rd3 e5 20.Bd5+ Kh7 21.Bg5 hxg5 22.hxg5 Qf5
23.Kg2 Bh8 24.Rh1+ Kg7 25.Be4 Qe6 26.Rh6 Nc5 27.Rxg6+ Qxg6 28.Bxg6 Kxg6 29.Rxd8 Rxd8
30.b4 Ne6 31.f4 Bg7 32.Kh3 Rd6 33.Kg4 exf4 34.gxf4 Kf7 35.f5 Rd4+ 36.Kg3 Nf4
37.f6 Bf8 38.g6+ Kxg6 39.Qe8+ Kg5 40.Qxf8 Nh5+ 41.Kf3 Nxf6 42.Qg7+ Kf5 43.Qxc7 Rxb4
44.Qxa7 Rc4 45.Qxb6 Rc3+ 46.Ke2 Rxc2+ 47.Ke1 Ne4 48.a4 Kf4 49.a5 Kf3 50.Kd1 Rc3
51.Qh6 Nf2+ 52.Ke1 Rc2 53.Qf6+  1-0

[Event "5th LGA Premium Cup"]
[Site "Nuernberg GER"]
[Date "2008.09.06"]
[Round "4"]
[White "Troyke,C"]
[Black "Hector,J"]
[Result "0-1"]
[WhiteElo "2372"]
[BlackElo "2537"]

1.g3 d5 2.Nf3 Nc6 3.c4 dxc4 4.Qa4 Bg4 5.Bg2 Qd7 6.Qxc4 Nf6 7.O-O e5 8.Nc3 a6
9.Qa4 h6 10.d3 Bd6 11.Be3 O-O 12.d4 b5 13.Qd1 Rad8 14.dxe5 Nxe5 15.Nxe5 Bxe5
16.Qc2 Bf5 17.Qb3 Be6 18.Qc2 Bf5 19.Qb3 Bh3 20.Rfd1 Qf5 21.Nd5 Nxd5 22.Bxh3 Qxh3
23.Rxd5 Rxd5 24.Qxd5 Bxb2 25.Rb1 Ba3 26.Rb3 Bd6 27.Qc6 Qc8 28.Rd3 Qa8 29.Qc2 Rd8
30.Rc3 Be5 31.Rc5 Rd5 32.Rxd5 Qxd5 33.Qf5 Qe6 34.Qe4 Bf6 35.Qb7 Kh7 36.a3 Be7  0-1

[Event "5th LGA Premium Cup"]
[Site "Nuernberg GER"]
[Date "2008.09.06"]
[Round "4"]
[White "Espig,L"]
[Black "Fuhrmann,Max"]
[Result "1-0"]
[WhiteElo "2346"]
[BlackElo "2097"]

1.Nf3 d5 2.g3 Nf6 3.Bg2 Bf5 4.b3 e6 5.Bb2 Be7 6.d3 h6 7.Nbd2 c6 8.O-O O-O
9.Qe1 Nbd7 10.e4 dxe4 11.dxe4 Bh7 12.Qe2 Qc7 13.Ne1 e5 14.Nd3 b5 15.f4 Bd6
16.f5 Nc5 17.Nf2 a5 18.a3 g6 19.Ng4 Nxg4 20.Qxg4 Rfd8 21.Nf3 Nd7 22.fxg6 fxg6
23.Qe6+ Kg7 24.Rad1 Nc5 25.Bxe5+ Bxe5 26.Qxe5+ Qxe5 27.Nxe5 g5 28.Rxd8 Rxd8
29.Nxc6 Rd2 30.Nxa5 Rxc2 31.e5 Ra2 32.b4 Rxa3 33.Bd5 Bg6 34.bxc5 Rxa5 35.Rc1 b4
36.e6 Ra7 37.c6 Rc7 38.Rc4 Be8 39.Rxb4 Bxc6 40.Rc4  1-0

[Event "Liga Nacional Ajedrez"]
[Site "Villa Martelli ARG"]
[Date "2008.09.06"]
[Round "5"]
[White "Garcia Palermo,C"]
[Black "Real de Azua,E"]
[Result "1-0"]
[WhiteElo "2456"]
[BlackElo "2429"]

1.g3 d5 2.Nf3 c6 3.Bg2 Bg4 4.b3 Nd7 5.Bb2 Ngf6 6.c4 e6 7.O-O Bd6 8.d3 O-O
9.Nbd2 Re8 10.h3 Bh5 11.Qc2 a5 12.a3 Qb6 13.Rac1 Qa7 14.g4 Bg6 15.Nh4 Be5
16.Bxe5 Nxe5 17.c5 Ned7 18.f4 b6 19.cxb6 Qxb6+ 20.Rf2 Qd8 21.Qxc6 Ra7 22.Nxg6 hxg6
23.d4 Qb8 24.e3 Rd8 25.Qc3 Ne8 26.Rff1 Nd6 27.Qd3 Rc8 28.Rc3 Rxc3 29.Qxc3 Nb5
30.Qb2 Qd6 31.a4 Nc7 32.Rc1 Ne8 33.Rc8 Kf8 34.Qc3 Qb6 35.Bf1 Rc7 36.Rxc7 Nxc7
37.Nf3 Ke7 38.g5 Ne8 39.Bb5 Nb8 40.Bxe8 Kxe8 41.Qc8+ Qd8 42.Qxd8+ Kxd8 43.Ne5 Ke8
44.Kf2 f6 45.gxf6 gxf6 46.Nxg6 Kf7 47.f5  1-0